000
00332nam a22001457a 4500
008
221014b ||||| |||| 00| 0 eng d
020
_a
x000rjfsgl
041
_a
eng
080
_2
EIGHTH EDITION
_a
34
082
_a
34 LOW
100
_a
31.1
101
_a
JURED
245
_a
FEDERAL COURTS AND THE LAW
_c
LOW W.P
942
_2
udc
_c
BK
999
_c
58573
_d
58573